Vláhové poměry krajiny : sborník recenzovaných příspěvků z mezinárodní konference : Mikulov 4.-5. dubna 2012 /

Korporativní autor: Česká bioklimatologická společnost
Další autoři: Vláhové poměry krajiny, Rožnovský, Jaroslav
Jazyk: Slovenština
Čeština
Vydáno: Praha : Česká bioklimatologická společnost v nakl. Český hydrometeorologický ústav, 2012
Vydání: 1. vyd.
Témata:
Fyzický popis: 167 s. : il. (některé barev.), mapy ; 30 cm
Language note: Část. slovenský text, anglická resumé
Knihy
Uloženo v:
LEADER 01910nam a2200493 a 4500
001 nkc20122367573
003 CZ PrNK
005 20120618131104.0
007 ta
008 120518s2012 xr ab e 100 0 cze
015 |a cnb002367573 
020 |a 978-80-86690-78-0  |q (brož.) 
035 |a (OCoLC)798994714 
040 |a ABA001  |b cze 
041 0 |a cze  |a slo  |b eng 
043 |a e-xr--- 
072 7 |a 556  |x Hydrologie  |2 Konspekt  |9 7 
080 |a 556.1  |2 MRF 
080 |a 502.5  |2 MRF 
080 |a (437.3)  |2 MRF 
080 |a (062.534)  |2 MRF 
111 2 |a Vláhové poměry krajiny  |d (2012 :  |c Mikulov, Břeclav, Česko)  |7 kn20120518006 
245 1 0 |a Vláhové poměry krajiny :  |b sborník recenzovaných příspěvků z mezinárodní konference : Mikulov 4.-5. dubna 2012 /  |c [Jaroslav Rožnovský ... et al. (eds.)] 
250 |a 1. vyd. 
260 |a Praha :  |b Česká bioklimatologická společnost v nakl. Český hydrometeorologický ústav,  |c 2012 
300 |a 167 s. :  |b il. (některé barev.), mapy ;  |c 30 cm 
500 |a Nad názvem: Česká bioklimatologická společnost ... et al. 
500 |a 250 výt. 
504 |a Obsahuje bibliografie 
546 |a Část. slovenský text, anglická resumé 
650 0 7 |a hydrologický cyklus  |7 ph194817  |z Česko  |2 czenas 
650 0 7 |a krajina  |7 ph115006  |z Česko  |2 czenas 
650 0 9 |a hydrologic cycle  |z Czechia  |2 eczenas 
650 0 9 |a landscape  |z Czechia  |2 eczenas 
655 7 |a sborníky konferencí  |7 fd133333  |2 czenas 
655 9 |a proceedings of conferences  |2 eczenas 
700 1 |a Rožnovský, Jaroslav  |7 mzk2003175424  |4 edt 
710 2 |a Česká bioklimatologická společnost  |7 ko2004218675 
910 2 |a BOA001  |b 4-1280.769 
928 9 |a Český hydrometeorologický ústav 
990 |a BK 
995 |a 01 
991 |b 201206  |c NOV  |e n 
996 6 |b 2610511677  |c 4-1280.769  |l MZK  |r Sklad / do 1 hodiny  |n 4  |p p.v.  |w 001251329  |u 000010  |a 1  |e BOA001  |j MZK50  |s P